[Event "Mundial Juvenil femenino 2005 s12"]
[Site "Belfort FRA"]
[Date "2005.07.20"]
[Round "2.15"]
[White "Soylemez, Cansu"]
[Black "Chen, Yidi"]
[Result "0-1"]
[WhiteElo "1599"]
[BlackElo "1599"]
[PlyCount "134"]
[EventDate "2005.07.19"]
[EventType "swiss"]
[EventRounds "11"]
[EventCountry "FRA"]
[Source "lmi"]
[SourceDate "2005.07.31"]

1. d4 Nf6 2. c4 g6 3. Nc3 Bg7 4. e4 d6 5. Nf3 O-O 6. Be2 e5 7. O-O Nc6 8. d5
Ne7 9. b4 Ng4 10. h3 Nh6 11. c5 f5 12. Ng5 f4 13. Ne6 Bxe6 14. dxe6 dxc5 15.
bxc5 c6 16. Bb2 Qc8 17. Qd6 Bf6 18. Rfd1 Rd8 19. Qxd8+ Qxd8 20. Rxd8+ Rxd8 21.
Rd1 Rxd1+ 22. Bxd1 Kf8 23. Ne2 g5 24. Bb3 Ng6 25. f3 Ke7 26. Nc1 Nf8 27. Nd3
Nxe6 28. Nxe5 Bxe5 29. Bxe5 Nxc5 30. Bc2 Nd7 31. Bg7 Nf7 32. Bc3 Nfe5 33. Kf2
Kd6 34. Bb4+ c5 35. Bc3 b5 36. g3 b4 37. Bb2 Nb6 38. gxf4 gxf4 39. Bc1 Ng6 40.
h4 h5 41. e5+ Nxe5 42. Bxf4 c4 43. Bg3 Ke6 44. Ke3 Nd5+ 45. Ke4 Nc6 46. f4 Nc3+
47. Ke3 Nxa2 48. f5+ Kf6 49. Ba4 c3 50. Ke4 Na5 51. Be5+ Kf7 52. Bd7 c2 53. Bb2
c1=Q 54. Be6+ Kf8 55. Bxc1 Nxc1 56. Kd5 Nc6 57. Kc5 b3 58. Bxb3 Nxb3+ 59. Kxc6
Nd4+ 60. Kb7 a5 61. Kb6 a4 62. Kc5 a3 63. Kxd4 a2 64. Kd5 a1=Q 65. Ke6 Qa6+ 66.
Kd5 Kf7 67. Ke4 Kf6 0-1

[Event "Mundial Juvenil femenino 2005 s12"]
[Site "Belfort FRA"]
[Date "2005.07.20"]
[Round "2.16"]
[White "Stetsko, Lanita"]
[Black "Collado Barbas, Laura"]
[Result "1-0"]
[WhiteElo "1599"]
[BlackElo "1599"]
[PlyCount "114"]
[EventDate "2005.07.19"]
[EventType "swiss"]
[EventRounds "11"]
[EventCountry "FRA"]
[Source "lmi"]
[SourceDate "2005.07.31"]

1. e4 c6 2. d4 d5 3. exd5 cxd5 4. Bd3 Nf6 5. c3 Nc6 6. Bf4 e6 7. Nf3 Bd6 8.
Bxd6 Qxd6 9. O-O O-O 10. Qe2 Re8 11. Ne5 h6 12. Nd2 Nd7 13. f4 Ncxe5 14. fxe5
Qe7 15. Rf4 f5 16. exf6 Nxf6 17. Raf1 e5 18. dxe5 Qxe5 19. Qxe5 Rxe5 20. Nf3
Re3 21. Rd4 Bg4 22. Re1 Rae8 23. Rxe3 Rxe3 24. Kf2 Re7 25. h3 Bd7 26. c4 Bc6
27. cxd5 Bxd5 28. b3 Kf8 29. Nh4 Ke8 30. Nf5 Rc7 31. Ne3 Bc6 32. Bg6+ Ke7 33.
Nf5+ Ke6 34. Ne3 Ke5 35. Rc4 Rd7 36. Rc5+ Kd6 37. b4 b6 38. Rc2 Ne4+ 39. Kg1
Ng3 40. Kh2 Ne4 41. Nf5+ Kd5 42. Be8 Rc7 43. b5 Bxe8 44. Rxc7 Bxb5 45. Rxa7 g5
46. Nxh6 Nc3 47. Nf7 Ne4 48. Re7 Bc4 49. a3 b5 50. Re8 Kd4 51. Ne5 Bb3 52. Nf3+
Kd5 53. Re5+ Kc4 54. Rxe4+ Kd3 55. Re5 Ba4 56. Rxg5 Kc3 57. h4 Kb3 1-0

[Event "Mundial Juvenil femenino 2005 s12"]
[Site "Belfort FRA"]
[Date "2005.07.20"]
[Round "2.17"]
[White "Vempati, Gayatri"]
[Black "Dines, Sheila"]
[Result "1-0"]
[WhiteElo "1599"]
[BlackElo "1599"]
[PlyCount "143"]
[EventDate "2005.07.19"]
[EventType "swiss"]
[EventRounds "11"]
[EventCountry "FRA"]
[Source "lmi"]
[SourceDate "2005.07.31"]

1. d4 d5 2. c4 e6 3. Nc3 Nf6 4. Bg5 Nbd7 5. Nf3 c6 6. e3 Qa5 7. Nd2 Bb4 8. Qc2
O-O 9. cxd5 Nxd5 10. Nxd5 Qxd5 11. Bh4 e5 12. dxe5 Nxe5 13. a3 Bf5 14. Qc1 Ba5
15. b4 Bb6 16. Nc4 Nd3+ 17. Bxd3 Bxd3 18. Nxb6 axb6 19. f3 Rfe8 20. Kf2 Qb3 21.
Bg3 Ra6 22. Rd1 h6 23. Rd2 Bf5 24. e4 Be6 25. Be5 f5 26. exf5 Bxf5 27. Qc3 Qxc3
28. Bxc3 Rea8 29. Bb2 c5 30. bxc5 bxc5 31. Rd5 Rb6 32. Bc1 Be6 33. Rxc5 Rb3 34.
Re5 Bf7 35. Re7 Kf8 36. Rc7 b5 37. Rc2 Bc4 38. Bb2 Bd3 39. Rd2 Rc8 40. Rc1 Bc4
41. Rc3 Rxc3 42. Bxc3 Bb3 43. Bb2 Ba4 44. Kg3 Rc7 45. Be5 Rb7 46. Rd6 Re7 47.
Rd5 Kf7 48. Rc5 Kg8 49. f4 g6 50. Rc8+ Kf7 51. Rh8 h5 52. Kh4 Ke6 53. Kg5 Bc2
54. Rd8 Ra7 55. Rd2 Be4 56. Rd4 Bxg2 57. Rd6+ Ke7 58. Rxg6 Ke8 59. Rg8+ Kf7 60.
Rg7+ Ke6 61. Rxa7 Bf3 62. Ra6+ Kd5 63. Rd6+ Kc4 64. f5 Be4 65. Rd4+ Kb3 66.
Rxe4 Kxa3 67. f6 b4 68. f7 b3 69. f8=Q+ Ka2 70. Ra4+ Kb1 71. Qf2 Kc1 72. Ra1#
1-0

[Event "Mundial Juvenil femenino 2005 s12"]
[Site "Belfort FRA"]
[Date "2005.07.20"]
[Round "2.18"]
[White "Vo, Thi Kim Phung"]
[Black "Greeff, Melissa"]
[Result "1-0"]
[WhiteElo "1599"]
[BlackElo "1599"]
[PlyCount "162"]
[EventDate "2005.07.19"]
[EventType "swiss"]
[EventRounds "11"]
[EventCountry "FRA"]
[Source "lmi"]
[SourceDate "2005.07.31"]

1. d4 d5 2. c4 c6 3. Nf3 Nf6 4. Nc3 e6 5. cxd5 exd5 6. Bf4 Be7 7. Qc2 Be6 8. e3
Nbd7 9. Rb1 Bb4 10. Bd3 Rc8 11. O-O h6 12. a3 Be7 13. b4 g5 14. Bg3 Nh5 15. Bf5
Ng7 16. Bxe6 Nxe6 17. Ne5 Nxe5 18. Bxe5 Bf6 19. f4 gxf4 20. exf4 Nxd4 21. Qd3
Bxe5 22. fxe5 Ne6 23. Rf6 Qb6+ 24. Kh1 Qc7 25. Rbf1 Qxe5 26. Rxf7 Rc7 27. R7f5
Qg7 28. Rf6 Re7 29. Qh3 Nd8 30. Qh5+ Nf7 31. Ne2 Qg5 32. Qh3 Nd8 33. Ng3 Rf7
34. Rxf7 Nxf7 35. Qc8+ Nd8 36. Re1+ Kf7 37. Qd7+ Kg6 38. Nf1 Qf5 39. Qd6+ Qf6
40. Qg3+ Qg5 41. Qd3+ Qf5 42. Qd4 Rf8 43. Ng3 Qf2 44. Qg4+ Kh7 45. Rg1 Qf4 46.
Qe2 Qf7 47. Qd3+ Qg6 48. Qd4 b6 49. b5 Qg7 50. Qd3+ Qg6 51. Qb3 cxb5 52. Qxd5
Qe6 53. Qxb5 Qc6 54. Qb4 Re8 55. Qd4 Nf7 56. Nh5 Re5 57. Qf4 Qg6 58. Nf6+ Kg7
59. Nd7 Re4 60. Qc7 Qd6 61. Qc3+ Qd4 62. Qc8 Qd6 63. Qc3+ Qd4 64. Qg3+ Rg4 65.
Qc7 Re4 66. h3 Re7 67. Qg3+ Kh8 68. Nb8 Qe5 69. Qxe5+ Rxe5 70. Nc6 Re3 71. Ra1
a6 72. Nb4 a5 73. Nd5 Re6 74. Rb1 Ng5 75. Rxb6 Re1+ 76. Kh2 Ra1 77. Rxh6+ Kg7
78. Ra6 Rxa3 79. Nb6 Ra2 80. Nc4 a4 81. Nb6 Nf3+ 1-0

[Event "Mundial Juvenil femenino 2005 s12"]
[Site "Belfort FRA"]
[Date "2005.07.20"]
[Round "2.19"]
[White "Haast, Anne"]
[Black "Trifonova, Sandra"]
[Result "1-0"]
[WhiteElo "1599"]
[BlackElo "1599"]
[PlyCount "87"]
[EventDate "2005.07.19"]
[EventType "swiss"]
[EventRounds "11"]
[EventCountry "FRA"]
[Source "lmi"]
[SourceDate "2005.07.31"]

1. e4 c6 2. d4 d5 3. exd5 cxd5 4. c4 Nf6 5. Nc3 e6 6. Nf3 Bb4 7. cxd5 Nxd5 8.
Bd2 O-O 9. Bd3 Be7 10. O-O Nc6 11. a3 Nf6 12. Be3 b6 13. Qc2 Bb7 14. Rad1 Rc8
15. Ng5 h6 16. Nf3 Na5 17. Ne5 Bd5 18. Qe2 Bb3 19. Rc1 Nc6 20. Nxc6 Rxc6 21.
Qf3 Rc8 22. Ne4 Rxc1 23. Rxc1 Bd5 24. Nxf6+ Bxf6 25. Qh3 Re8 26. Qg3 Bh4 27.
Qg4 Qg5 28. f4 f5 29. Qe2 Qf6 30. Rc3 Ba8 31. Qc2 g5 32. fxg5 hxg5 33. Rc7 f4
34. Bh7+ Kh8 35. Qg6 Qd8 36. Rxa7 fxe3 37. Qh6 Re7 38. Qf6+ Kxh7 39. Rxe7+ Qxe7
40. Qxe7+ Kg6 41. Qb4 Kf5 42. Kf1 Kf4 43. Ke2 Ke4 44. Qc3 1-0

[Event "Mundial Juvenil femenino 2005 s12"]
[Site "Belfort FRA"]
[Date "2005.07.20"]
[Round "2.20"]
[White "Adamowicz, Katarzyna"]
[Black "Vilce, Andrea"]
[Result "1/2-1/2"]
[WhiteElo "1885"]
[BlackElo "1599"]
[PlyCount "89"]
[EventDate "2005.07.19"]
[EventType "swiss"]
[EventRounds "11"]
[EventCountry "FRA"]
[Source "lmi"]
[SourceDate "2005.07.31"]

1. e4 c5 2. Nf3 e6 3. d4 cxd4 4. Nxd4 a6 5. Bd3 Nf6 6. O-O Nc6 7. Be3 Be7 8. c3
O-O 9. Nd2 e5 10. Nxc6 dxc6 11. Nc4 Qc7 12. Bb6 Qb8 13. Qa4 Be6 14. Rad1 Nd7
15. Qa5 Nxb6 16. Qxb6 f6 17. Ne3 Bd8 18. Qc5 Bxa2 19. c4 Bb3 20. Ra1 a5 21. Nf5
Qc7 22. Qe3 Be7 23. f4 Bd6 24. c5 Be7 25. Nxe7+ Qxe7 26. f5 a4 27. Rfc1 Rfd8
28. Bc4+ Kh8 29. Bxb3 axb3 30. Rxa8 Rxa8 31. Qxb3 Ra5 32. Qc4 h6 33. b4 Ra8 34.
Rd1 Rd8 35. Rd3 Kh7 36. Qc3 Qc7 37. Qd2 Rxd3 38. Qxd3 Qc8 39. h3 Qa8 40. Kh2
Kg8 41. Qd7 Qa6 42. Qe8+ Kh7 43. Qg6+ Kh8 44. Qe8+ Kh7 45. Qg6+ 1/2-1/2

[Event "Mundial Juvenil femenino 2005 s12"]
[Site "Belfort FRA"]
[Date "2005.07.21"]
[Round "3.1"]
[White "Paikidze, Nazi"]
[Black "Lefevre, Margaux"]
[Result "1-0"]
[WhiteElo "2083"]
[BlackElo "1599"]
[PlyCount "95"]
[EventDate "2005.07.19"]
[EventType "swiss"]
[EventRounds "11"]
[EventCountry "FRA"]
[Source "lmi"]
[SourceDate "2005.07.31"]

1. d4 e6 2. c4 Nf6 3. Nc3 Bb4 4. e3 O-O 5. Bd3 d5 6. Nge2 dxc4 7. Bxc4 b6 8.
O-O Bb7 9. Qc2 Bd6 10. e4 Be7 11. Rd1 c6 12. f3 a5 13. Be3 Qc8 14. Bd3 Ba6 15.
Na4 Bxd3 16. Rxd3 Qc7 17. Rc1 Na6 18. a3 Rfc8 19. d5 cxd5 20. Qxc7 Rxc7 21.
Rxc7 Nxc7 22. Nxb6 Rb8 23. e5 Nfe8 24. Nc3 Na6 25. Nca4 h6 26. Rc3 g5 27. Nc8
Bf8 28. Na7 Kh7 29. Nc6 Rb5 30. Na7 Rb8 31. Rc6 Nec7 32. Bb6 Rb7 33. Nc8 Na8
34. Bxa5 Nb8 35. Rc2 Nd7 36. Re2 Rb5 37. Bc3 Bg7 38. Nd6 Rb8 39. Nxf7 Kg6 40.
Nd6 Nc7 41. Bd4 Rb3 42. Nc3 h5 43. Kf2 Bh6 44. g3 Kg7 45. Rc2 Kf8 46. Ne2 Na6
47. Rc8+ Ke7 48. Re8# 1-0

[Event "Mundial Juvenil femenino 2005 s12"]
[Site "Belfort FRA"]
[Date "2005.07.21"]
[Round "3.2"]
[White "Petrova, Olga"]
[Black "Cori T., Deysi"]
[Result "1/2-1/2"]
[WhiteElo "1599"]
[BlackElo "2035"]
[PlyCount "59"]
[EventDate "2005.07.19"]
[EventType "swiss"]
[EventRounds "11"]
[EventCountry "FRA"]
[Source "lmi"]
[SourceDate "2005.07.31"]

1. e4 c5 2. Nf3 d6 3. d4 cxd4 4. Nxd4 Nf6 5. Nc3 a6 6. Be2 e6 7. Be3 b5 8. a3
Bb7 9. f3 Nbd7 10. O-O Be7 11. Kh1 O-O 12. Qd2 Nb6 13. Rfd1 Rc8 14. Nb3 Nfd7
15. Bf4 Ne5 16. Bxe5 dxe5 17. Qe3 Qc7 18. Bd3 h6 19. Nd2 Nc4 20. Bxc4 bxc4 21.
Ne2 Rfd8 22. Qc3 Bg5 23. Nf1 Qc5 24. Qb4 Qxb4 25. axb4 Be7 26. c3 Rd3 27. Rxd3
cxd3 28. Nc1 Rd8 29. Nb3 f5 30. Nfd2 1/2-1/2

[Event "Mundial Juvenil femenino 2005 s12"]
[Site "Belfort FRA"]
[Date "2005.07.21"]
[Round "3.3"]
[White "Danelia, Mariam"]
[Black "Neuhauser, Salome"]
[Result "1-0"]
[WhiteElo "1991"]
[BlackElo "1599"]
[PlyCount "83"]
[EventDate "2005.07.19"]
[EventType "swiss"]
[EventRounds "11"]
[EventCountry "FRA"]
[Source "lmi"]
[SourceDate "2005.07.31"]

1. d4 Nf6 2. c4 c5 3. d5 b5 4. cxb5 a6 5. bxa6 Bxa6 6. Nc3 d6 7. Nf3 g6 8. g3
Bg7 9. Bg2 O-O 10. Rb1 Ng4 11. O-O Nd7 12. h3 Nge5 13. Nxe5 Bxe5 14. Qc2 Qa5
15. Bh6 Rfb8 16. Rfc1 Bc4 17. b3 Ba6 18. Bd2 Qc7 19. f4 Bg7 20. Kh2 Qa7 21. e4
Bc8 22. a4 Ba6 23. Be3 Qc7 24. Na2 Qc8 25. Qd2 Qf8 26. Qd1 f5 27. e5 dxe5 28.
fxe5 Bxe5 29. d6 Ra7 30. Qd5+ Kh8 31. Bxc5 Rab7 32. dxe7 Qf6 33. Ba3 Qg5 34.
Qf3 Nf6 35. Re1 Ne4 36. Rxe4 Rxe7 37. Bxe7 fxe4 38. Bxg5 exf3 39. Bxf3 Bd3 40.
Re1 Bd6 41. Bd5 Rf8 42. Re8 1-0

[Event "Mundial Juvenil femenino 2005 s12"]
[Site "Belfort FRA"]
[Date "2005.07.21"]
[Round "3.4"]
[White "Pavlidou, Ekaterini"]
[Black "Stetsko, Lanita"]
[Result "0-1"]
[WhiteElo "1970"]
[BlackElo "1599"]
[PlyCount "74"]
[EventDate "2005.07.19"]
[EventType "swiss"]
[EventRounds "11"]
[EventCountry "FRA"]
[Source "lmi"]
[SourceDate "2005.07.31"]

1. d4 g6 2. c4 Bg7 3. Nc3 c5 4. d5 d6 5. e4 e6 6. f4 exd5 7. cxd5 Ne7 8. Nf3 a6
9. a4 Bg4 10. Be2 Bxf3 11. Bxf3 O-O 12. Be3 Nd7 13. O-O f5 14. e5 dxe5 15. Qb3
Kh8 16. d6 Nc8 17. Qxb7 Ra7 18. Qc6 e4 19. Be2 Bd4 20. Nd5 Nf6 21. Kf2 Nxd5 22.
Qxd5 Qh4+ 23. g3 Qxh2+ 24. Ke1 Qxg3+ 25. Bf2 Bxf2+ 26. Rxf2 e3 27. d7 exf2+ 28.
Kd1 Rxd7 29. Qxd7 Qg1+ 30. Kc2 Qxa1 31. Qd2 f1=Q 32. Qc3+ Kg8 33. Qc4+ Rf7 34.
Bxf1 Nb6 35. Qxa6 Qxa4+ 36. Qxa4 Nxa4 37. Bc4 h5 0-1

[Event "Mundial Juvenil femenino 2005 s12"]
[Site "Belfort FRA"]
[Date "2005.07.21"]
[Round "3.5"]
[White "Russell, Luthien"]
[Black "Szabo, Noemi"]
[Result "0-1"]
[WhiteElo "1599"]
[BlackElo "1939"]
[PlyCount "42"]
[EventDate "2005.07.19"]
[EventType "swiss"]
[EventRounds "11"]
[EventCountry "FRA"]
[Source "lmi"]
[SourceDate "2005.07.31"]

1. d4 Nf6 2. Nf3 g6 3. Nc3 Bg7 4. e4 d6 5. h3 O-O 6. Be3 Nbd7 7. Qd2 e5 8. Bd3
c6 9. Bh6 Qb6 10. Na4 Bxh6 11. Qxh6 Qb4+ 12. Nd2 Qxa4 13. Nc4 b5 14. Nd2 Qxd4
15. Rb1 Nc5 16. O-O Nxd3 17. cxd3 Qxd3 18. f3 Nh5 19. Qg5 f6 20. Qh6 Nf4 21.
Nb3 Qc2 0-1

[Event "Mundial Juvenil femenino 2005 s12"]
[Site "Belfort FRA"]
[Date "2005.07.21"]
[Round "3.7"]
[White "Chen, Yidi"]
[Black "Vo, Thi Kim Phung"]
[Result "0-1"]
[WhiteElo "1599"]
[BlackElo "1599"]
[PlyCount "118"]
[EventDate "2005.07.19"]
[EventType "swiss"]
[EventRounds "11"]
[EventCountry "FRA"]
[Source "lmi"]
[SourceDate "2005.07.31"]

1. e4 e5 2. Nf3 Nc6 3. Bb5 a6 4. Bxc6 dxc6 5. O-O f6 6. d4 exd4 7. Qxd4 Qxd4 8.
Nxd4 c5 9. Ne2 Bd6 10. Bf4 Be6 11. Rd1 O-O-O 12. Nbc3 Ne7 13. Bg3 h5 14. Bxd6
Rxd6 15. Nf4 Bf7 16. Rxd6 cxd6 17. Rd1 g5 18. Nfd5 Nxd5 19. Nxd5 Bxd5 20. Rxd5
Kd7 21. f3 b5 22. Kf2 h4 23. h3 Re8 24. g3 Rh8 25. gxh4 Rxh4 26. Kg3 Ke6 27.
Rd3 a5 28. Ra3 a4 29. c4 b4 30. Rxa4 f5 31. Ra8 f4+ 32. Kg2 Rh7 33. Re8+ Kf7
34. Rb8 Ke6 35. Ra8 Re7 36. a4 bxa3 37. bxa3 Ke5 38. a4 Kd4 39. Rg8 Kxc4 40.
Rxg5 Kb4 41. Rd5 Rg7+ 42. Kf2 Rg6 43. e5 dxe5 44. Rxe5 c4 45. Re4 Rf6 46. Ke2
Kb3 47. a5 c3 48. Re8 Ra6 49. Rb8+ Kc2 50. Re8 Rxa5 51. Re4 Rf5 52. h4 Kb2 53.
Re8 Rc5 54. Rb8+ Kc1 55. Kd3 c2 56. Rg8 Re5 57. h5 Re3+ 58. Kd4 Kd2 59. Rc8
Rxf3 0-1

[Event "Mundial Juvenil femenino 2005 s12"]
[Site "Belfort FRA"]
[Date "2005.07.21"]
[Round "3.8"]
[White "Shakryan, Zozan"]
[Black "Haast, Anne"]
[Result "1-0"]
[WhiteElo "1599"]
[BlackElo "1599"]
[PlyCount "49"]
[EventDate "2005.07.19"]
[EventType "swiss"]
[EventRounds "11"]
[EventCountry "FRA"]
[Source "lmi"]
[SourceDate "2005.07.31"]

1. e4 e5 2. Nf3 Nc6 3. Bb5 a6 4. Ba4 Nf6 5. d3 b5 6. Bb3 Be7 7. Nbd2 d6 8. c3
O-O 9. Nf1 h6 10. Ng3 Nh7 11. Bd5 Bb7 12. Nf5 Na5 13. Bxb7 Nxb7 14. d4 exd4 15.
N3xd4 Bg5 16. O-O c5 17. Nc6 Qd7 18. Bxg5 Nxg5 19. Nce7+ Kh7 20. Nd5 Rac8 21.
Qh5 Qe6 22. Rae1 Rfe8 23. h4 Nxe4 24. Rxe4 Qxe4 25. Nf6+ 1-0

[Event "Mundial Juvenil femenino 2005 s12"]
[Site "Belfort FRA"]
[Date "2005.07.21"]
[Round "3.9"]
[White "Pereira, Amanda Marques"]
[Black "Bulmaga, Irina"]
[Result "1-0"]
[WhiteElo "1599"]
[BlackElo "2074"]
[PlyCount "63"]
[EventDate "2005.07.19"]
[EventType "swiss"]
[EventRounds "11"]
[EventCountry "FRA"]
[Source "lmi"]
[SourceDate "2005.07.31"]

1. e4 c6 2. d4 d5 3. exd5 cxd5 4. Bd3 Nc6 5. c3 Nf6 6. h3 Qc7 7. Nf3 g6 8. Be3
Bg7 9. Nbd2 O-O 10. O-O Bd7 11. Nb3 Rac8 12. Nc5 b6 13. Nxd7 Nxd7 14. Qd2 e6
15. Ba6 Rce8 16. Bf4 Qd8 17. Bd6 Ne7 18. Qf4 f6 19. Bc7 e5 20. Bxd8 exf4 21.
Bc7 Rf7 22. Bxf4 Nb8 23. Bb5 Nbc6 24. Rfe1 Ra8 25. Re2 a6 26. Ba4 b5 27. Bb3
Rff8 28. Bd6 Rfe8 29. Rae1 Kf7 30. Re6 a5 31. Bxe7 Nxe7 32. Rxe7+ 1-0

[Event "Mundial Juvenil femenino 2005 s12"]
[Site "Belfort FRA"]
[Date "2005.07.21"]
[Round "3.10"]
[White "Le Bail, Arielle"]
[Black "Solovyova, Yeunyzaveta"]
[Result "0-1"]
[WhiteElo "1599"]
[BlackElo "1921"]
[PlyCount "125"]
[EventDate "2005.07.19"]
[EventType "swiss"]
[EventRounds "11"]
[EventCountry "FRA"]
[Source "lmi"]
[SourceDate "2005.07.31"]

1. e4 d6 2. d4 Nf6 3. Nc3 Nbd7 4. Bc4 e5 5. Nf3 Be7 6. h3 c6 7. Bg5 h6 8. Be3
Qc7 9. Qd2 Nf8 10. O-O-O Be6 11. d5 cxd5 12. Bxd5 Bxd5 13. Nxd5 Nxd5 14. Qxd5
Ne6 15. Nd2 Rc8 16. c3 a6 17. f3 b5 18. Kb1 Qc6 19. Qxc6+ Rxc6 20. Nb3 O-O 21.
Na5 Rc7 22. Rd2 Rfc8 23. Rhd1 Rd7 24. Nb3 Kh7 25. Nc1 g6 26. Nd3 Rb7 27. Nb4 a5
28. Nd5 Bf8 29. h4 f5 30. g3 Kg7 31. Bb6 a4 32. exf5 gxf5 33. Ba5 h5 34. Bb4
Kg6 35. Ne3 Nc5 36. Rd5 Kf6 37. f4 Ke6 38. Ng2 Rg7 39. Bxc5 Rxc5 40. R5d3 e4
41. Re3 Rd5 42. Rxd5 Kxd5 43. Ne1 Kc4 44. Nc2 d5 45. Nd4 Rf7 46. Kc1 Bg7 47.
Ne6 d4 48. Nxd4 Bxd4 49. cxd4 Kxd4 50. Kd2 Rc7 51. Re1 b4 52. Re3 Rc6 53. Re1
Rc7 54. Re3 Rc2+ 55. Kxc2 Kxe3 56. Kd1 Kd3 57. Ke1 e3 58. Kd1 e2+ 59. Ke1 Ke3
60. b3 axb3 61. axb3 Kf3 62. g4 hxg4 63. h5 0-1

[Event "Mundial Juvenil femenino 2005 s12"]
[Site "Belfort FRA"]
[Date "2005.07.21"]
[Round "3.11"]
[White "Messina, Roberta"]
[Black "De La Parra Hurtado, Daniela"]
[Result "1-0"]
[WhiteElo "1845"]
[BlackElo "1599"]
[PlyCount "103"]
[EventDate "2005.07.19"]
[EventType "swiss"]
[EventRounds "11"]
[EventCountry "FRA"]
[Source "lmi"]
[SourceDate "2005.07.31"]

1. e4 c5 2. Nf3 d6 3. d4 cxd4 4. Qxd4 Nc6 5. Bb5 Bd7 6. Bxc6 Bxc6 7. Nc3 Nf6 8.
Bg5 g6 9. h3 Bg7 10. Qd3 Qa5 11. O-O-O O-O 12. Kb1 Qb6 13. Qd4 Qxd4 14. Nxd4
Bd7 15. Bxf6 Bxf6 16. Nd5 Kg7 17. Nxf6 Kxf6 18. Rhe1 Rac8 19. Rd2 Bc6 20. f4
Kg7 21. e5 dxe5 22. Rxe5 e6 23. Kc1 Bd5 24. b3 Rfd8 25. g4 Re8 26. f5 f6 27.
Nxe6+ Bxe6 28. Rxe6 b5 29. Rd7+ Kg8 30. Rxf6 gxf5 31. Rxf5 a6 32. Rg5+ Kh8 33.
Rh5 b4 34. Rhxh7+ Kg8 35. g5 Re6 36. Rdg7+ Kf8 37. Rd7 Kg8 38. h4 Re2 39. Rc7
Rd8 40. Rhd7 Rde8 41. h5 Rg2 42. Re7 Rd8 43. Rcd7 Rc8 44. Rc7 Rd8 45. g6 Rg1+
46. Kb2 Rf1 47. Rg7+ Kf8 48. Rcf7+ Rxf7 49. Rxf7+ Kg8 50. Rb7 Rd5 51. h6 Rh5
52. Rb8# 1-0

[Event "Mundial Juvenil femenino 2005 s12"]
[Site "Belfort FRA"]
[Date "2005.07.21"]
[Round "3.13"]
[White "Annaliyeva, Ogulsuray"]
[Black "Ostrowska, Dominika"]
[Result "0-1"]
[WhiteElo "1599"]
[BlackElo "1599"]
[PlyCount "162"]
[EventDate "2005.07.19"]
[EventType "swiss"]
[EventRounds "11"]
[EventCountry "FRA"]
[Source "lmi"]
[SourceDate "2005.07.31"]

1. e4 c5 2. Nf3 d6 3. d4 cxd4 4. Nxd4 Nf6 5. Nc3 a6 6. Bc4 e5 7. Nf3 Be6 8. Bb3
h6 9. h3 Nbd7 10. Be3 Be7 11. O-O O-O 12. Ne1 Rc8 13. f4 exf4 14. Bxf4 Nc5 15.
e5 dxe5 16. Bxe5 Nxb3 17. axb3 Qb6+ 18. Kh1 Qc6 19. Rf3 Rfd8 20. Qc1 Qc5 21.
Bf4 Qh5 22. Rg3 Kh7 23. Nf3 Rxc3 24. bxc3 Ne4 25. Qe3 Nxg3+ 26. Bxg3 Qg6 27.
Qf2 Bf6 28. Be5 Bxe5 29. Nxe5 Qf5 30. Qxf5+ Bxf5 31. Nxf7 Rd2 32. Rf1 Be4 33.
Rg1 Rxc2 34. Nd6 Bc6 35. c4 Rb2 36. Nf5 Rxb3 37. Rc1 Rxh3+ 38. Kg1 Rd3 39. c5
Rd2 40. Ne3 Kg6 41. Rc4 Re2 42. Rc3 Kf6 43. g3 Ke5 44. Kf1 Ra2 45. g4 Kd4 46.
Rb3 Kxc5 47. Nf5 Ra4 48. Nxg7 Rxg4 49. Ne6+ Kd6 50. Nd8 Bb5+ 51. Kf2 Rg7 52.
Rf3 Rd7 53. Nf7+ Kc5 54. Nxh6 Rd2+ 55. Kg3 Rd3 56. Nf5 Rxf3+ 57. Kxf3 a5 58.
Ke3 a4 59. Kd2 Kb4 60. Nd6 a3 61. Kc1 b6 62. Nc8 Bd3 63. Nxb6 Kb3 64. Nd7 a2
65. Nc5+ Ka3 66. Nxd3 a1=Q+ 67. Kd2 Qd4 68. Kc2 Qc4+ 69. Kd2 Qd4 70. Kc2 Ka4
71. Nb2+ Kb5 72. Nd3 Kc6 73. Nb2 Kd5 74. Nd3 Qc4+ 75. Kd2 Kd4 76. Nf2 Qf1 77.
Nd1 Qg2+ 78. Kc1 Qe2 79. Nb2 Kc3 80. Nd1+ Kb3 81. Nc3 Qc2# 0-1

[Event "Mundial Juvenil femenino 2005 s12"]
[Site "Belfort FRA"]
[Date "2005.07.21"]
[Round "3.15"]
[White "Uhl, Sarah"]
[Black "Lolici, Iselin"]
[Result "0-1"]
[WhiteElo "1599"]
[BlackElo "2049"]
[PlyCount "120"]
[EventDate "2005.07.19"]
[EventType "swiss"]
[EventRounds "11"]
[EventCountry "FRA"]
[Source "lmi"]
[SourceDate "2005.07.31"]

1. c4 c5 2. g3 g6 3. Bg2 Bg7 4. e3 Nc6 5. Ne2 e5 6. O-O Nge7 7. Nbc3 O-O 8. d3
d6 9. Rb1 Rb8 10. a3 a6 11. Qd2 b5 12. cxb5 axb5 13. b4 cxb4 14. axb4 Be6 15.
Re1 d5 16. e4 d4 17. Nd1 Ra8 18. f4 f6 19. Nf2 Qd6 20. Rf1 Ra4 21. Kh1 Rfa8 22.
fxe5 fxe5 23. Nh3 Rxb4 24. Rxb4 Qxb4 25. Qxb4 Nxb4 26. Bg5 Nec6 27. Nc1 Ra3 28.
Rd1 Bg4 29. Rf1 Nxd3 30. Nxd3 Rxd3 31. Nf2 Ra3 32. Nxg4 b4 33. Rb1 b3 34. Bc1
Ra2 35. Rxb3 Ra1 36. h4 Rxc1+ 37. Kh2 Rc2 38. Kh3 h5 39. Nh2 Rc3 40. Rb2 d3 41.
Rd2 Bh6 42. Rd1 d2 43. Nf1 Rc1 44. Rxd2 Bxd2 45. Nxd2 Rc2 46. Nf3 Re2 47. Ng5
Nd4 48. Kh2 Re3 49. Kh3 Ne2 50. Bf3 Ng1+ 51. Kg2 Nxf3 52. Nxf3 Rxe4 53. Kf2 Kg7
54. Ng5 Ra4 55. Kf3 Kf6 56. Ne4+ Rxe4 57. Kxe4 Ke6 58. Ke3 Kf5 59. Kf3 e4+ 60.
Kf2 Kg4 0-1

[Event "Mundial Juvenil femenino 2005 s12"]
[Site "Belfort FRA"]
[Date "2005.07.21"]
[Round "3.16"]
[White "Jus, Katja"]
[Black "Lakshmi, Sahiti P"]
[Result "1/2-1/2"]
[WhiteElo "1599"]
[BlackElo "1984"]
[PlyCount "75"]
[EventDate "2005.07.19"]
[EventType "swiss"]
[EventRounds "11"]
[EventCountry "FRA"]
[Source "lmi"]
[SourceDate "2005.07.31"]

1. e4 c5 2. Nf3 d6 3. d4 cxd4 4. Nxd4 Nf6 5. Nc3 a6 6. Bg5 e6 7. Qd2 Be7 8.
O-O-O b5 9. f3 b4 10. Nb1 Qa5 11. Be3 Qxa2 12. Qxb4 d5 13. Qb3 Qxb3 14. Nxb3
dxe4 15. fxe4 Bb7 16. Nc5 Bxc5 17. Bxc5 Nxe4 18. Be3 Nd7 19. Bd3 Nef6 20. Bd4
O-O-O 21. Na3 e5 22. Bc3 Rhe8 23. Ba5 e4 24. Bxd8 Kxd8 25. Be2 e3 26. Rhf1 Bxg2
27. Rg1 Be4 28. Bxa6 Bf3 29. Rd3 Re7 30. Re1 Nd5 31. Bb7 Nc5 32. Rxd5+ Bxd5 33.
Bxd5 f5 34. Nc4 f4 35. Bf3 Ne4 36. Rd1+ Kc7 37. Re1 Ng5 38. Bd1 1/2-1/2

[Event "Mundial Juvenil femenino 2005 s12"]
[Site "Belfort FRA"]
[Date "2005.07.21"]
[Round "3.17"]
[White "Suarez Calvo, Alexandra"]
[Black "Jimenez Lupianez, Laura"]
[Result "1-0"]
[WhiteElo "1924"]
[BlackElo "1599"]
[PlyCount "67"]
[EventDate "2005.07.19"]
[EventType "swiss"]
[EventRounds "11"]
[EventCountry "FRA"]
[Source "lmi"]
[SourceDate "2005.07.31"]

1. e4 e5 2. Nf3 Nc6 3. d4 exd4 4. Nxd4 Bc5 5. Nxc6 Qf6 6. Qe2 dxc6 7. Nc3 Ne7
8. Be3 Bxe3 9. Qxe3 Ng6 10. Bd3 O-O 11. O-O Re8 12. f4 Qe7 13. Rf3 Nh4 14. Rf2
Bd7 15. Qg3 f5 16. Re2 Qf6 17. Rae1 Ng6 18. e5 Qf7 19. b3 Be6 20. Nd1 Ne7 21.
Ne3 Nd5 22. a4 Rad8 23. Nxd5 Bxd5 24. Qh3 g6 25. Re3 c5 26. Rg3 Kh8 27. Qh6 a6
28. Ree3 c6 29. Rg5 Re6 30. c4 Be4 31. Bxe4 fxe4 32. Rxe4 Rd1+ 33. Kf2 Qd7 34.
Qf8# 1-0